<?xml version="1.0" encoding="UTF-8"?>
<record
    xmlns:xsi="http://www.w3.org/2001/XMLSchema-instance"
    xsi:schemaLocation="http://www.loc.gov/MARC21/slim http://www.loc.gov/standards/marcxml/schema/MARC21slim.xsd"
    xmlns="http://www.loc.gov/MARC21/slim">

  <leader>03045njm a2200469Ia 4500</leader>
  <controlfield tag="001">69411</controlfield>
  <controlfield tag="003">IT-RoPAU</controlfield>
  <controlfield tag="005">20220918181117.0</controlfield>
  <controlfield tag="008">131025s9999    xx            000 0 und d</controlfield>
  <datafield tag="040" ind1=" " ind2=" ">
    <subfield code="a">IT-RoPAU</subfield>
  </datafield>
  <datafield tag="040" ind1=" " ind2=" ">
    <subfield code="c">IT-RoPAU</subfield>
  </datafield>
  <datafield tag="041" ind1=" " ind2=" ">
    <subfield code="a">ITALIANO</subfield>
  </datafield>
  <datafield tag="999" ind1=" " ind2=" ">
    <subfield code="c">99476</subfield>
    <subfield code="d">99476</subfield>
  </datafield>
  <datafield tag="999" ind1=" " ind2=" ">
    <subfield code="b">n.d.</subfield>
  </datafield>
  <datafield tag="100" ind1=" " ind2=" ">
    <subfield code="a">AA.VV.</subfield>
    <subfield code="9">794</subfield>
  </datafield>
  <datafield tag="100" ind1=" " ind2=" ">
    <subfield code="e">Autore musica</subfield>
    <subfield code="9">24100</subfield>
  </datafield>
  <datafield tag="100" ind1=" " ind2=" ">
    <subfield code="g">Codice autore musica SPICS: 12000</subfield>
    <subfield code="9">796</subfield>
  </datafield>
  <datafield tag="245" ind1=" " ind2=" ">
    <subfield code="a">Mio Dio canta giovane (Il)</subfield>
  </datafield>
  <datafield tag="250" ind1=" " ind2=" ">
    <subfield code="a">1a ed.</subfield>
  </datafield>
  <datafield tag="260" ind1=" " ind2=" ">
    <subfield code="a">ALBANO</subfield>
  </datafield>
  <datafield tag="260" ind1=" " ind2=" ">
    <subfield code="b">EP - MUSICALI E DISCOGRAFICHE</subfield>
    <subfield code="c">1988 [1a Ed.:1988 - Ed. Lingua Orig.: 1988]</subfield>
  </datafield>
  <datafield tag="300" ind1=" " ind2=" ">
    <subfield code="a">MUSICASSETTA</subfield>
  </datafield>
  <datafield tag="300" ind1=" " ind2=" ">
    <subfield code="c">55 minuti (Testo: 0 pag.)</subfield>
  </datafield>
  <datafield tag="500" ind1=" " ind2=" ">
    <subfield code="a">Musica religiosa. Canzone d'autore. Secondo convegno nazionale dei Cantautori di Dio, Assisi 1987-1988. Francescanesimo, vocazione, amore, vita</subfield>
  </datafield>
  <datafield tag="505" ind1=" " ind2=" ">
    <subfield code="a">Il mio Dio canta giovane (5:00) - V&#xE0; per tutto il mondo, Francesco (6:00) - Francesco, vai (5:00) - Come gocce d'amore (5:00) - Pescatori del 2000 (4:00) - Canta perch&#xE9; (6:00) - La strada (5:00) - Da stasera ci sono anch'io (4:00) - Non potevo credere (5:00) - Cristo vuole tutto di te (5:00) - Vai con gioia (4:00) - Se hai scelto me (5:00)</subfield>
  </datafield>
  <datafield tag="650" ind1=" " ind2=" ">
    <subfield code="a">RELIGIOSO [CASSETTE]</subfield>
    <subfield code="e">Codice MATERIA SPICS: 9951</subfield>
    <subfield code="9">785</subfield>
  </datafield>
  <datafield tag="700" ind1=" " ind2=" ">
    <subfield code="a">Tommasi Sergio</subfield>
    <subfield code="d">Codice autore testo/musica SPICS: 23922</subfield>
    <subfield code="e">Autore testo/musica</subfield>
    <subfield code="p">Il mio Dio canta giovane</subfield>
    <subfield code="9">24101</subfield>
  </datafield>
  <datafield tag="700" ind1=" " ind2=" ">
    <subfield code="a">Puzone Massimiliano</subfield>
    <subfield code="d">Codice autore testo/musica SPICS: 23923</subfield>
    <subfield code="e">Autore testo/musica</subfield>
    <subfield code="p">V&#xE0; per tutto il mondo, Francesco</subfield>
    <subfield code="9">24102</subfield>
  </datafield>
  <datafield tag="700" ind1=" " ind2=" ">
    <subfield code="a">Bizeti Maria Chiara</subfield>
    <subfield code="d">Codice autore testo/musica SPICS: 23924</subfield>
    <subfield code="e">Autore testo/musica</subfield>
    <subfield code="p">Francesco, vai</subfield>
    <subfield code="9">24103</subfield>
  </datafield>
  <datafield tag="700" ind1=" " ind2=" ">
    <subfield code="a">Migani Paolo</subfield>
    <subfield code="d">Codice autore testo/musica SPICS: 23925</subfield>
    <subfield code="e">Autore testo/musica</subfield>
    <subfield code="p">Come gocce d'amore</subfield>
    <subfield code="9">24104</subfield>
  </datafield>
  <datafield tag="700" ind1=" " ind2=" ">
    <subfield code="a">Paci Gabriella</subfield>
    <subfield code="d">Codice autore testo/musica SPICS: 23926</subfield>
    <subfield code="e">Autore testo/musica</subfield>
    <subfield code="p">Pescatori del 2000</subfield>
    <subfield code="9">24105</subfield>
  </datafield>
  <datafield tag="700" ind1=" " ind2=" ">
    <subfield code="a">Migliarese Mario</subfield>
    <subfield code="d">Codice autore testo/musica SPICS: 23927</subfield>
    <subfield code="e">Autore testo/musica</subfield>
    <subfield code="p">Canta perch&#xE9;</subfield>
    <subfield code="9">24106</subfield>
  </datafield>
  <datafield tag="700" ind1=" " ind2=" ">
    <subfield code="a">Puccio Tonino</subfield>
    <subfield code="d">Codice autore musica SPICS: 23928</subfield>
    <subfield code="e">Autore musica</subfield>
    <subfield code="p">La strada</subfield>
    <subfield code="9">24107</subfield>
  </datafield>
  <datafield tag="700" ind1=" " ind2=" ">
    <subfield code="a">Prato Enzo</subfield>
    <subfield code="d">Codice autore testo/musica SPICS: 23948</subfield>
    <subfield code="e">Autore testo/musica</subfield>
    <subfield code="p">La strada</subfield>
    <subfield code="9">24108</subfield>
  </datafield>
  <datafield tag="700" ind1=" " ind2=" ">
    <subfield code="a">Montaldo Emanuele</subfield>
    <subfield code="d">Codice autore musica SPICS: 23929</subfield>
    <subfield code="e">Autore testo/musica</subfield>
    <subfield code="p">Da stasera ci sono anch'io</subfield>
    <subfield code="9">24109</subfield>
  </datafield>
  <datafield tag="700" ind1=" " ind2=" ">
    <subfield code="a">Tarzia Olimpia</subfield>
    <subfield code="d">Codice autore testo/musica SPICS: 23949</subfield>
    <subfield code="e">Autore testo/musica</subfield>
    <subfield code="p">Da stasera ci sono anch'io</subfield>
    <subfield code="9">24110</subfield>
  </datafield>
  <datafield tag="700" ind1=" " ind2=" ">
    <subfield code="a">Borgo Gaetano</subfield>
    <subfield code="d">Codice autore musica SPICS: 23930</subfield>
    <subfield code="e">Autore musica</subfield>
    <subfield code="p">Non potevo credere</subfield>
    <subfield code="9">24111</subfield>
  </datafield>
  <datafield tag="700" ind1=" " ind2=" ">
    <subfield code="a">Zanarella Paolo</subfield>
    <subfield code="d">Codice autore testo/musica SPICS: 23950</subfield>
    <subfield code="e">Autore testo/musica</subfield>
    <subfield code="p">Non potevo credere</subfield>
    <subfield code="9">24112</subfield>
  </datafield>
  <datafield tag="700" ind1=" " ind2=" ">
    <subfield code="a">Coccoluto Erasmo</subfield>
    <subfield code="d">Codice autore testo/musica SPICS: 23931</subfield>
    <subfield code="e">Autore testo/musica</subfield>
    <subfield code="p">Cristo vuole tutto di te</subfield>
    <subfield code="9">24113</subfield>
  </datafield>
  <datafield tag="700" ind1=" " ind2=" ">
    <subfield code="a">Mariano Luigi</subfield>
    <subfield code="d">Codice autore testo/musica SPICS: 23932</subfield>
    <subfield code="e">Autore testo/musica</subfield>
    <subfield code="p">Vai con gioia</subfield>
    <subfield code="9">24114</subfield>
  </datafield>
  <datafield tag="700" ind1=" " ind2=" ">
    <subfield code="a">Cricchi Emilio</subfield>
    <subfield code="d">Codice autore testo/musica SPICS: 23933</subfield>
    <subfield code="e">Autore testo/musica</subfield>
    <subfield code="p">Se hai scelto me</subfield>
    <subfield code="9">24115</subfield>
  </datafield>
  <datafield tag="942" ind1=" " ind2=" ">
    <subfield code="c">MC</subfield>
    <subfield code="2">ddc</subfield>
  </datafield>
  <datafield tag="952" ind1=" " ind2=" ">
    <subfield code="0">0</subfield>
    <subfield code="1">0</subfield>
    <subfield code="4">0</subfield>
    <subfield code="6">69411_000000000000000</subfield>
    <subfield code="7">1</subfield>
    <subfield code="a">SPICS</subfield>
    <subfield code="b">SPICS</subfield>
    <subfield code="d">2013-10-25</subfield>
    <subfield code="l">0</subfield>
    <subfield code="o">69411</subfield>
    <subfield code="r">2013-10-25 00:00:00</subfield>
    <subfield code="w">2013-10-25</subfield>
    <subfield code="y">MC</subfield>
    <subfield code="z">Progr. Ins.: 16661 / N.Vol.: 1 / Copie: 1 - Copia rara: n.d. / date import: 01.01.2014 - By Epidotti, Trombetti, Vaglietti</subfield>
  </datafield>
</record>
